000 00557nam a22002057a 4500
942 _cBK
999 _c277
_d277
005 20250420134803.0
008 191217b ||||| |||| 00| 0 eng d
020 _a9781305266728
040 _cKCST
082 _a515
_bSt Ca
100 _aStewart, James
_9993
245 _aCalculus /
_cJames Stewart
250 _aMetric version, 8th ed.
260 _aAustralia:
_bCengage Learning;
_c2016.
300 _a1 volume (various pagings) :
_billustrations ;
_c26 cm
650 _aMathematics.
_9408
650 _aCalculus.
_9994
942 _2ddc